| 000 | 02841nam a22004817a 4500 | ||
|---|---|---|---|
| 003 | AR-FvUNAJ | ||
| 005 | 20231109165557.0 | ||
| 008 | 231109b ||||| |||| 00| 0 spa d | ||
| 020 | _a978-987-1397-52-5 | ||
| 040 | _cAR-FvUNAJ | ||
| 082 | 1 | 4 |
_214 _a363.4 |
| 100 | 1 |
_919738 _aMartín, Adrián Norberto |
|
| 245 | 1 | 0 |
_aDetenciones policiales ilegales y arbitrarias en la jurisprudencia de la Cámara Nacional de Casación Penal 1994-2007 : _bsobre las improntas del Estado de policía en la agencia judicial / _cAdrián Norberto Martín ; con prólogo de Luis Fernando Niño |
| 260 |
_aCiudad Autónoma de Buenos Aires : _bDel Puerto, _c2010. |
||
| 300 | _a447 p. | ||
| 504 | _aIncluye bibliografía (p. 439-447) | ||
| 505 | 2 | 0 | _tPrimera parte. |
| 505 | 2 | 0 | _tCapítulo I. Algunas notas sobre el Estado, el derecho y la agencia policial. |
| 505 | 2 | 0 | _tCapítulo II. Organización política de la Argentina. Policías y jueces. |
| 505 | 2 | 0 | _tCapítulo III. Ideologías cruzadas y lugar de la agencia judicial. |
| 505 | 2 | 0 | _tCapítulo IV. Reglas constitucionales que condicionan la posibilidad de restringir el derecho a la libertad ambulatoria. |
| 505 | 2 | 0 | _tCapítulo V. Reglas legales que autorizan la intercepción de personas en el espacio público. |
| 505 | 2 | 0 | _tSegunda parte. |
| 505 | 2 | 0 | _tCapítulo I. La jurisprudencia de la Corte Suprema en materia procesal penal hasta el año 1994. |
| 505 | 2 | 0 | _tCapítulo II. "Daray", el último acorde para una década sombría. |
| 505 | 2 | 0 | _tCapítulo III. Año 1998, la Corte aporta su primera trilogía y los derechos se achicaron. |
| 505 | 2 | 0 | _tCapítulo IV. La Corte y una segunda trilogía reforzó la línea restrictiva de derechos. |
| 505 | 2 | 0 | _tCapítulo V. Presagios del retorno a los estándares del caso "Daray". |
| 505 | 2 | 0 | _tTercera parte. |
| 505 | 2 | 0 | _tCapítulo I. El periodo fundacional dejó como legado la interpretación restringida de derechos (1994-1996). |
| 505 | 2 | 0 | _tCapítulo II. Líneas inconciliables en tres años de la Sala I (1997-1999). |
| 505 | 2 | 0 | _tCapítulo III. Tres años en las otras tres Salas (1997-1999). |
| 505 | 2 | 0 | _tCapítulo IV. El período de la consolidación. La tormenta llegó y no sorprendió a nadie (2000-2004). |
| 505 | 2 | 0 | _tCapítulo V. Los años recientes : ¿vientos de cambio o sólo remolinos?. |
| 505 | 2 | 0 | _tCuarta Parte. Un emergente paradigmático : los "procedimientos policiales fraguados". |
| 505 | 2 | 0 | _tQuinta parte. Algunas conclusiones sobre las implicancias jurídico-políticas de las reglas que autorizan prácticas policiales de control poblacional. |
| 650 | 2 | 7 |
_2unescot _92982 _aPOLICIA |
| 650 | 2 | 4 |
_97148 _aACCIONAR POLICIAL |
| 650 | 2 | 4 |
_92970 _aDERECHO PENAL |
| 650 | 1 | 4 |
_99076 _aSISTEMA PENAL |
| 942 |
_2ddc _cLIBRO |
||
| 980 |
_621566 _a Miranda Raldes _821567 _g Villalba |
||
| 999 |
_c10019 _d10019 |
||